Truyện ngắn đầu tay ; T1

Zapisane w:
Opis bibliograficzny
Format: Książka
Język:Undetermined
Wydane: Hà Nội Thanh Niên 2000
Hasła przedmiotowe:
Etykiety: Dodaj etykietę
Nie ma etykietki, Dołącz pierwszą etykiete!
Thư viện lưu trữ: Trung tâm Học liệu Trường Đại học Cần Thơ
LEADER 00463nam a2200145Ia 4500
001 CTU_36517
008 210402s9999 xx 000 0 und d
082 |a 895.9223008 
082 |b Tr527/T1 
245 0 |a Truyện ngắn đầu tay ; T1 
260 |a Hà Nội 
260 |b Thanh Niên 
260 |c 2000 
650 |a short stories, vietnamese - collections,vietnamese literature - 20th century 
980 |a Trung tâm Học liệu Trường Đại học Cần Thơ